000 00722nam a2200253 a 4500
001 BRCA_5573
005 20190320205133.0
008 180211s1902----gw-a######---#000-0#ger-#
041 _ager
044 _agw
050 4 _aNA7387
_b.S36 1902
100 1 _aSchmidt, Karl Eugen
_914212
245 1 0 _aCordoba und Granada
_cvon Karl Eugen Schmidt.
260 _aLeipzig
_bE. A. Seemann
_c1902
300 _a131 p.
_bil.
_c25 cm.
440 0 _aBeruhmte Kunststatten
_v13
_914213
500 _aEdición con cantos rojos
500 _aF48
650 1 4 _aArquitectura
_zCórdoba, España
_914214
650 1 4 _aArquitectura
_zGranada, España
_913151
650 1 4 _aArquitectura
_zEspaña
_92007
902 _aGFM
942 _2lcc
_cB
999 _c5267
_d5267